Stredoveké nálezy z Jásovej

Bibliographic Details
Main Author: Hanuliak, Milan, 1951- (Author)
Format: Article
Language:Slovak
PhysicalDescription:Res. nem.
ISBN:8088709008
Subjects:

MARC

LEADER 00000nab a2200000 a 4500
001 vtls000499401
003 SK-MaSNL
005 20260304081120.0
008 250424c1992 xo 0 slo
015 |a SNBRA19rr/mm-uuuuu 
035 |a CL0499539 
035 |a urn:nbn:sk:snk-abcgm 
035 |a (urnnbn)urn:nbn:sk:snk:ar-a04cza 
035 |a (uuid)3e511b83-7114-4613-a285-215dcfd20818 
040 |a SNKBUCL  |b slo  |c SNKBUCL  |e AACR2 
041 0 |a slo 
044 |a xo  |c SK 
080 |a 904"09/14":902  |2 1981 
080 |a 902  |2 1981 
100 1 |a Hanuliak, Milan,  |d 1951-  |4 aut  |9 102640 
245 1 0 |a Stredoveké nálezy z Jásovej  |c Milan Hanuliak 
300 |b Res. nem. 
650 0 7 |a pohrebiská  |2 snkbucl  |9 30462 
650 0 7 |a sídliská  |2 snkbucl  |9 26585 
651 7 |a Jasová (Slovensko)  |2 snkbucl  |9 67771 
655 7 |a články zo zborníkov  |2 snkbucl  |9 166140 
773 0 |t Archeologické výskumy a nálezy na Slovensku v roku 1991  |d Nitra : Archeologický ústav Slovenskej akadémie vied v Nitre, 1992  |g S. 44-45  |z 8088709008 
850 |a Slovenská národná knižnica 
852 |a Slovenská národná knižnica 
954 |a odborná, vedecká literatúra pôvodná (slovenská)  |2 lita 
957 |a 5207 
958 |a article27 
958 |a RK 
958 |a OND 
958 |a EUIPO 
992 |a RZB 
999 |c 2789555  |d 2791485